Cartooning / (Record no. 6)

MARC details
000 -LEADER
fixed length control field 00771cam a2200265 a 4500
005 - DATE AND TIME OF LATEST TRANSACTION
control field 20260322212002.0
008 - FIXED-LENGTH DATA ELEMENTS--GENERAL INFORMATION
fixed length control field data
010 ## - LIBRARY OF CONGRESS CONTROL NUMBER
LC control number 90157575
020 ## - INTERNATIONAL STANDARD BOOK NUMBER
International Standard Book Number 0929261143 (pbk.)
020 ## - INTERNATIONAL STANDARD BOOK NUMBER
International Standard Book Number 9780929261140 (pbk.)
040 ## - CATALOGING SOURCE
Original cataloging agency MoS
Transcribing agency MoS
Modifying agency DLC
-- DLC
042 ## - AUTHENTICATION CODE
Authentication code lccopycat
050 04 - LIBRARY OF CONGRESS CALL NUMBER
Classification number NC1320
Item number .T625 1989
082 04 - DEWEY DECIMAL CLASSIFICATION NUMBER
Classification number 741.5
092 ## - LOCALLY ASSIGNED DEWEY CALL NUMBER (OCLC)
Classification number 741.5 T625 1989
001 - CONTROL NUMBER
control field data
100 1# - MAIN ENTRY--PERSONAL NAME
Personal name Tollison, Hal.
245 10 - TITLE STATEMENT
Title Cartooning /
Statement of responsibility, etc. Hal Tollison.
260 ## - PUBLICATION, DISTRIBUTION, ETC.
Place of publication, distribution, etc. Tustin, Calif. :
Name of publisher, distributor, etc. W. Foster Pub.,
Date of publication, distribution, etc. c1989.
300 ## - PHYSICAL DESCRIPTION
Extent 64 p. :
Other physical details ill. ;
Dimensions 24 cm.
490 1# - SERIES STATEMENT
Series statement Artist's library series ;
Volume/sequential designation AL14
650 #0 - SUBJECT ADDED ENTRY--TOPICAL TERM
Topical term or geographic name entry element Cartooning
General subdivision Technique.
830 #0 - SERIES ADDED ENTRY--UNIFORM TITLE
Uniform title Artist's library series ;
Volume/sequential designation v. 14.
856 42 - ELECTRONIC LOCATION AND ACCESS
Materials specified Publisher description
Uniform Resource Identifier <a href="http://www.loc.gov/catdir/enhancements/fy0730/90157575-d.html">http://www.loc.gov/catdir/enhancements/fy0730/90157575-d.html</a>
Holdings
Withdrawn status Lost status Damaged status Not for loan Home library Current library Shelving location Date acquired Total checkouts Full call number Barcode Date last seen Price effective from Koha item type
        Centerville Centerville General stacks 22/03/2026   741.5 BC0010006 22/03/2026 22/03/2026 Books